<?xml version="1.0" encoding="UTF-8"?>
<record
    xmlns:xsi="http://www.w3.org/2001/XMLSchema-instance"
    xsi:schemaLocation="http://www.loc.gov/MARC21/slim http://www.loc.gov/standards/marcxml/schema/MARC21slim.xsd"
    xmlns="http://www.loc.gov/MARC21/slim">

  <leader>04413cam a22004454a 4500</leader>
  <controlfield tag="001">14528379</controlfield>
  <controlfield tag="005">20070503140704.0</controlfield>
  <controlfield tag="007">co ugu||||||||</controlfield>
  <controlfield tag="008">060830s2008    paua     b    001 0 eng  </controlfield>
  <datafield tag="010" ind1=" " ind2=" ">
    <subfield code="a">2006029012</subfield>
  </datafield>
  <datafield tag="016" ind1="7" ind2=" ">
    <subfield code="a">101286275</subfield>
    <subfield code="2">DNLM</subfield>
  </datafield>
  <datafield tag="020" ind1=" " ind2=" ">
    <subfield code="a">0781790476 (alk. paper)</subfield>
  </datafield>
  <datafield tag="020" ind1=" " ind2=" ">
    <subfield code="a">9780781790475 (alk. paper)</subfield>
  </datafield>
  <datafield tag="035" ind1=" " ind2=" ">
    <subfield code="a">(OCoLC)ocm71233159</subfield>
  </datafield>
  <datafield tag="035" ind1=" " ind2=" ">
    <subfield code="a">(OCoLC)71233159</subfield>
    <subfield code="z">(OCoLC)84729086</subfield>
  </datafield>
  <datafield tag="040" ind1=" " ind2=" ">
    <subfield code="a">DNLM/DLC</subfield>
    <subfield code="c">DLC</subfield>
    <subfield code="d">NLM</subfield>
    <subfield code="d">BAKER</subfield>
    <subfield code="d">C#P</subfield>
    <subfield code="d">YDX</subfield>
    <subfield code="d">YDXCP</subfield>
    <subfield code="d">KEC</subfield>
    <subfield code="d">BTCTA</subfield>
    <subfield code="d">DLC</subfield>
  </datafield>
  <datafield tag="042" ind1=" " ind2=" ">
    <subfield code="a">pcc</subfield>
  </datafield>
  <datafield tag="050" ind1="0" ind2="0">
    <subfield code="a">RM300</subfield>
    <subfield code="b">.K37 2008</subfield>
  </datafield>
  <datafield tag="060" ind1="0" ind2="0">
    <subfield code="a">2007 B-506</subfield>
  </datafield>
  <datafield tag="060" ind1="1" ind2="0">
    <subfield code="a">QV 4</subfield>
    <subfield code="b">K183f 2008</subfield>
  </datafield>
  <datafield tag="082" ind1="0" ind2="0">
    <subfield code="a">615.1</subfield>
    <subfield code="2">22</subfield>
    <subfield code="b">KAR NR</subfield>
  </datafield>
  <datafield tag="100" ind1="1" ind2=" ">
    <subfield code="a">Karch, Amy Morrison,</subfield>
    <subfield code="d">1949-</subfield>
  </datafield>
  <datafield tag="245" ind1="1" ind2="0">
    <subfield code="a">Focus on Nursing Pharmacology /</subfield>
    <subfield code="c">Amy M. Karch.</subfield>
  </datafield>
  <datafield tag="250" ind1=" " ind2=" ">
    <subfield code="a">4th ed.</subfield>
  </datafield>
  <datafield tag="260" ind1=" " ind2=" ">
    <subfield code="a">Philadelphia :</subfield>
    <subfield code="b">Wolters Kluwer Health/Lippincott Williams &amp; Wilkins,</subfield>
    <subfield code="c">c2008.</subfield>
  </datafield>
  <datafield tag="300" ind1=" " ind2=" ">
    <subfield code="a">xvi, 1072 p. :</subfield>
    <subfield code="b">col. ill. ;</subfield>
    <subfield code="c">28 cm. +</subfield>
    <subfield code="e">1 CD-ROM (4 3/4 in.)</subfield>
  </datafield>
  <datafield tag="504" ind1=" " ind2=" ">
    <subfield code="a">Includes bibliographical references and index.</subfield>
  </datafield>
  <datafield tag="505" ind1="0" ind2=" ">
    <subfield code="a">pt. 1. Introduction to nursing pharmacology. -- Introduction to drugs -- Drugs and the body -- Toxic effects of drugs -- Nursing management -- Dosage calculations -- Drug therapy in the 21st century -- pt. 2. Chemotherapeutic agents. -- Introduction to cell physiology -- Anti-infective agents -- Antibiotics -- Antiviral agents -- Antifungal agents -- Antiprotozoal agents -- Anthelmintic agents -- Antineoplastic agents -- pt. 3. Drugs acting on the immune system. -- Introduction to the immune response and inflammation -- Anti-inflammatory agents -- Immune modulators -- Vaccines and sera -- pt. 4. Drugs acting on the central and peripheral nervous systems. -- Introduction to nerves and the nervous system -- Anxiolytic and hypnotic agents -- Antidepressant agents -- Psychotherapeutic agents -- Antiepileptic agents -- Antiparkinsonism agents -- Muscle relaxants -- Narcotics and antimigraine agents -- General and local anesthetic agents -- Neuromuscular junction blocking agents -- pt. 5. Drugs acting on the autonomic nervous system. -- Introduction to the autonomic nervous system -- Adrenergic agents -- Adrenergic blocking agents -- Cholinergic agents -- Anticholinergic agents -- pt. 6. Drugs acting on the endocrine system. -- Introduction to the endocrine system -- Hypothalamic and pituitary agents -- Adrenocortical agents -- Thyroid and parathyroid agents -- Antidiabetic agents -- pt. 7. Drugs acting on the reproductive system. -- Introduction to the reproductive system -- Drugs affecting the female reproductive system -- Drugs affecting the male reproductive system -- pt. 8. Drugs acting on the cardiovascular system. -- Introduction to the cardiovascular system -- Drugs affecting blood pressure -- Cardiotonic agents -- Antiarrhythmic agents -- Antianginal agents -- Lipid-lowering agents -- Drugs affecting blood coagulation -- Drugs used to treat anemias -- pt. 9. Drugs acting on the renal system. -- Introduction to the kidneys and the urinary tract -- Diuretic agents -- Drugs affecting the urinary tract and the bladder -- pt. 10. Drugs acting on the respiratory system. -- Introduction to the respiratory system -- Drugs acting on the upper respiratory tract -- Drugs used to treat obstructive pulmonary disorders -- pt. 11. Drugs acting on the gastrointestinal system. -- Introduction to the gastrointestinal system -- Drugs affecting gastrointestinal secretions -- Laxative and antidiarrheal agents -- Emetic and antiemetic agents.</subfield>
  </datafield>
  <datafield tag="650" ind1=" " ind2="0">
    <subfield code="a">Pharmacology.</subfield>
  </datafield>
  <datafield tag="650" ind1=" " ind2="0">
    <subfield code="a">Nursing.</subfield>
  </datafield>
  <datafield tag="650" ind1="1" ind2="2">
    <subfield code="a">Pharmaceutical Preparations</subfield>
    <subfield code="v">Nurses' Instruction.</subfield>
  </datafield>
  <datafield tag="650" ind1="2" ind2="2">
    <subfield code="a">Drug Therapy</subfield>
    <subfield code="v">Nurses' Instruction.</subfield>
  </datafield>
  <datafield tag="650" ind1="2" ind2="2">
    <subfield code="a">Pharmacology</subfield>
    <subfield code="v">Nurses' Instruction.</subfield>
  </datafield>
  <datafield tag="856" ind1="4" ind2="1">
    <subfield code="3">Table of contents only</subfield>
    <subfield code="u">http://www.loc.gov/catdir/toc/ecip0620/2006029012.html</subfield>
  </datafield>
  <datafield tag="856" ind1="4" ind2="2">
    <subfield code="3">Publisher description</subfield>
    <subfield code="u">http://www.loc.gov/catdir/enhancements/fy0714/2006029012-d.html</subfield>
  </datafield>
  <datafield tag="942" ind1=" " ind2=" ">
    <subfield code="2">ddc</subfield>
    <subfield code="c">BB</subfield>
  </datafield>
  <datafield tag="999" ind1=" " ind2=" ">
    <subfield code="c">10863</subfield>
    <subfield code="d">10863</subfield>
  </datafield>
  <datafield tag="952" ind1=" " ind2=" ">
    <subfield code="0">0</subfield>
    <subfield code="1">0</subfield>
    <subfield code="2">ddc</subfield>
    <subfield code="3">Repaired</subfield>
    <subfield code="4">0</subfield>
    <subfield code="7">0</subfield>
    <subfield code="8">Alahram</subfield>
    <subfield code="a">MAIN</subfield>
    <subfield code="b">MAIN</subfield>
    <subfield code="c">1ST</subfield>
    <subfield code="d">2009-02-17</subfield>
    <subfield code="g">314.60</subfield>
    <subfield code="h">379</subfield>
    <subfield code="l">20</subfield>
    <subfield code="m">104</subfield>
    <subfield code="o">615.1 KAR NR</subfield>
    <subfield code="p">000014876</subfield>
    <subfield code="r">2025-07-15 00:00:00</subfield>
    <subfield code="s">2016-03-24</subfield>
    <subfield code="y">BB</subfield>
  </datafield>
  <datafield tag="952" ind1=" " ind2=" ">
    <subfield code="0">0</subfield>
    <subfield code="1">0</subfield>
    <subfield code="2">ddc</subfield>
    <subfield code="4">0</subfield>
    <subfield code="7">0</subfield>
    <subfield code="8">Alahram</subfield>
    <subfield code="a">MAIN</subfield>
    <subfield code="b">MAIN</subfield>
    <subfield code="c">1ST</subfield>
    <subfield code="d">2009-03-04</subfield>
    <subfield code="e">purchase</subfield>
    <subfield code="h">379</subfield>
    <subfield code="l">8</subfield>
    <subfield code="m">1</subfield>
    <subfield code="o">615.1 KAR NR</subfield>
    <subfield code="p">000015188</subfield>
    <subfield code="r">2024-10-12 00:00:00</subfield>
    <subfield code="s">2023-10-01</subfield>
    <subfield code="y">CDVDWBB</subfield>
  </datafield>
</record>
